000 02324cam a2200385 a 4500
001 13386409
003 OSt
005 20220302162809.0
008 031028s2003 nyua 001 0 eng d
010 _a 2003280108
020 _a0071398767 (pbk. : alk. paper)
020 _a9780071398763
035 _a(OCoLC)ocm53188718
040 _aMZ5
_cLC
_dDLC
042 _alccopycat
050 0 0 _aHF61.B92
082 0 0 _a519.5
_222
245 0 0 _aBusiness statistics: based on Schaum's outline of theory and problems of business statistics by Leonard J. Kazmier. /
_cedited by Daniel L. Fulks and Michael K. Staton.
260 _aNew York:
_bMcGraw-Hill,
_c2003.
300 _av, 179 p. :
_bill. ;
_c22 cm.
440 0 _aSchaum's easy outlines
490 0 _aSchaum's outline series
500 _aIncludes index.
505 0 _aContents: Analyzing business data -- Statistical presentations and graphical displays -- Describing business data : measures of location -- Describing business data : measures of dispersion -- Probability -- Probability distributions for discrete random variables : binomial, hypergeometric, and Poisson -- Probability distributions for discrete random variables : normal and exponential -- Sampling distributions and confidence intervals for the mean -- Other confidence intervals -- Testing hypotheses concerning the value of the population mean -- Testing other hypotheses -- The chi-square test for the analysis of qualitative data -- Analysis of variance -- Linear regression and correlation analysis -- Multiple regression and correlation -- Time series analysis and business forecasting -- Decision analysis : payoff tables and decision trees -- Statistical process control.
650 0 _aCommercial statistics.
650 0 _aEconomics
_xStatistical methods.
650 0 _aCommercial statistics
_vOutlines, syllabi, etc.
700 1 _aFulks, Daniel L.
700 1 _aStaton, Michael K.
856 4 2 _3Publisher description
_uhttp://www.loc.gov/catdir/description/mh041/2003280108.html
856 4 2 _3Contributor biographical information
_uhttp://www.loc.gov/catdir/enhancements/fy0705/2003280108-b.html
906 _a7
_bcbc
_ccopycat
_d2
_encip
_f20
_gy-gencatlg
942 _2lcc
_cBK
999 _c8863
_d16363